| 000 | 00996cam a2200325 a 4500 | ||
|---|---|---|---|
| 001 | 5768080 | ||
| 003 | ARRUPE | ||
| 005 | 20141104120137.0 | ||
| 008 | 060725s2006 enk b 001 0 eng | ||
| 015 |
_aGBA631433 _2bnb |
||
| 016 | 7 |
_a013425981 _2Uk |
|
| 020 | _a0334040590 (hbk.) | ||
| 024 | 3 | _c9780334040590 (hbk.) | |
| 035 | _a(OCoLC)ocm64957525 | ||
| 035 | _a(NNC)5768080 | ||
| 040 |
_aUKM _cUKM _dBWKUK |
||
| 050 | 4 |
_aBS2625.3 _b.P384 2006 |
|
| 082 | 0 | 4 |
_a226.606 _222 |
| 100 | 1 |
_aPelikan, Jaroslav, _d1923-2006. _912378 |
|
| 245 | 1 | 0 |
_aActs / _cJaroslav Pelikan. |
| 260 |
_aLondon : _bSCM, _c2006. |
||
| 300 |
_a320 p. ; _c24 cm. |
||
| 490 | 1 | _aSCM theological commentary on the Bible | |
| 504 | _aIncludes bibliographical references (p. 298-304) and indexes. | ||
| 630 | 0 | 0 |
_aBible. _pActs _xCriticism, interpretation, etc. _912379 |
| 830 | 0 |
_aSCM theological commentary on the Bible. _96354 |
|
| 942 |
_2lcc _cMONOGRAPH |
||
| 948 | 1 |
_a20060825 _bc _csds12 _dMPS |
|
| 999 |
_c121172 _d121172 |
||